00477nam a2200157Ia 4500008004100000041000800041082001600049100002100065245003300086250000600119260003400125300001400159650001300173999001900186952011400205210716s9999 xx 000 0 und d aeng a343.07 BULK abulchandani K R. aBusiness law for management. a1 bMac Millan Publishing Company axxxvi,824 aLaw(340) c197922d197922 00102ddc40738MBAaAIMITbAIMITd2009-03-17l0o343.07 BULKpMBA00487r2025-07-21 00:00:00w2021-07-16yBK